Anti-deflection law premises, provisions and problems (Record no. 490565)

000 -LEADER
fixed length control field 00386cam a22001217a 4500
008 - FIXED-LENGTH DATA ELEMENTS--GENERAL INFORMATION
fixed length control field 180718b1989 xxu||||| |||| 00| 0 eng d
082 ## - DEWEY DECIMAL CLASSIFICATION NUMBER
Classification number F503x54 In2
100 ## - MAIN ENTRY--PERSONAL NAME
Personal name Kashyap, Subash C.
245 ## - TITLE STATEMENT
Title Anti-deflection law premises, provisions and problems
Statement of responsibility, etc. by Subash C. Kashyap
260 ## - PUBLICATION, DISTRIBUTION, ETC.
Place of publication, distribution, etc. New Delhi
Name of publisher, distributor, etc. Lok Sabha Secretariat
Date of publication, distribution, etc. 1989
300 ## - PHYSICAL DESCRIPTION
Extent 27+p.
700 ## - ADDED ENTRY--PERSONAL NAME
Personal name India. Lok Sabha Secretariat
Holdings
Withdrawn status Lost status Damaged status Not for loan Permanent Location Current Location Date acquired Full call number Barcode Date last seen Price effective from Koha item type
        Indian Institute of Public Administration Indian Institute of Public Administration 2018-08-04 F503x54 In2 GG20961 2018-08-04 2018-08-04 GG

Powered by Koha